000 01044cam a22002415a 4500
001 L138238
008 070523e2006 xxk f 100 0 eng d
035 _a(Sirsi) u138238
041 0 _aeng
100 1 _aThurairajah, N.
245 0 0 _aCultural transformation in construction partnering projects
_h[electronic resource]
260 _c2006
490 0 _aCOBRA
_v2006
520 _aDiscusses the cultural and behavioural challenges in construction partnering projects. Proposes a cultural web to understand organisational culture, and to identify a substantial range of the elements to be managed for strategic and cultural change.
590 _aKA
651 4 _aUnited Kingdom
_y
690 _aProcurement
_96260
700 1 _aHaigh, R.
700 1 _aAmaratunga, R.D.G.
711 2 _aConstruction and Building Research Conference
_cUniversity College London, London
_d7-8 September 2006
856 4 0 _uhttps://www.rics.org/site/scripts/download_info.aspx?downloadID=2884
_zView the item free of charge at www.rics.org...
942 _n0
999 _c107071
_d107071